000 01923cam a22004694i 4500
003 PE-LiUPU
005 20250731173144.0
008 150623s2001 xxk rb 000 0 eng d
020 _a0385468938
035 _a(Sirsi) i9780385468930
040 _aPE-LiUPU
_bspa
_cPE-LiUPU
_erda
049 _aPRUA
082 0 4 _a220.7
_bAB
_221
100 1 _aKoesther, Craig R.,
_eautor.
245 1 0 _aHebrews :
_ba new translation with introduction and commentary /
_cGraig R. Koesther.
264 1 _aNew York :
_bThe anchor Bible,
_c2001.
300 _a604 páginas ;
_c24 centímetros.
336 _atext
_2rdacontent
337 _aunmediated
_2rdamedia
338 _avolume
_2rdacarrier
490 0 _aThe Anchor Bible ;
_v36
500 _aIncluye bibliografía.
505 0 _aHistory of interpretation and influence. Social setting. Formal and rhetorical aspects. Selected issues in the theology of Hebrews. Test of Hebrews. Traslation, notes, and comments. Exordium. Proposition. Arguments. Peroration. Epistolary postscript.
526 _aSEG42
526 _aSEG41
526 _aSEG40
526 _aSEG39
526 _aP94
526 _aP87
526 _aP86
526 _aP85
526 _aP77
526 _aP76
526 _aP35
630 _aBiblia.
_pN.T.
_pHebreos
_xComentarios.
942 _2ddc
_cBOOK
949 _a220.7 AB 36
_wDEWEY
_c1
_i53164
_d2016-11-9
_e2016-11-8
_lCCODEBUL1
_mBUL
_n9
_p48.00
_r0
_sY
_tBOOK
_u2015-6-24
_xTEOLOGIA
_PP35
_0COMPRA
_o.CIRCNOTE. No olvidar cambiar la fecha de devolución!!!!!!!
_o.STAFF. Colección Teología
994 _aC0
_bPEPRU
596 _a1
999 _a220.7 AB 36
_wDEWEY
_c34967
_i53164
_d34967
_e2016-11-8
_f2021-11-9
_g5
_lCCODEBUL1
_mBUL
_n9
_p48.00
_q9
_r0
_sY
_tBOOK
_u2015-6-24
_xTEOLOGIA
_PP35
_0COMPRA
_o.CIRCNOTE. No olvidar cambiar la fecha de devolución!!!!!!!
_o.STAFF. Colección Teología
980 _81
_gALBERTO SANCHEZ Responsable de Automatización